000 004250000a22001810004500
003 MACL
005 20150702165411.0
008 150702b xxu||||| |||| 00| 0 eng d
040 _aMACL
_cmacl
041 _aEnglish
082 _a300
100 _aSachau, Edward
_9381
245 _aAlberuni's India
260 _bIndialog Publication
_c2003
_aNew Delhi
350 _a350
650 _aSociology
_919
942 _cBK
_k300
_2ddc
999 _c8313
_d8313